000 00223nam a2200085Ia 4500
005 20250523155752.0
008 250523s9999 xx 000 0 und d
245 0 _aSerüven Avcıları Gizli Plan
_cJeanne Birdsall
260 _bALTIN
999 _c12124
_d12124